000
00302nam a2200121Ia 4500
005
20251222140052.0
008
251222s1900||||xx |||||||||||||| ||spa||
082
_a
142.7/F96
100
_a
Funke, Gerhard
245
0
_a
Investigaciones Fenomenológico Trascendentales
264
_b
U.N.M.S.M
942
_c
LIB
999
_c
3640
_d
3640